| 000 | 00678nam a2200229 a 4500 | ||
|---|---|---|---|
| 005 | 20240113063649.0 | ||
| 008 | 991125s1989 mx 000 0 spa u | ||
| 020 | _a9682432243 | ||
| 035 | _aUPN01000046411 | ||
| 049 | _aCG | ||
| 050 | 4 |
_aP90 G6.6 _b1989 |
|
| 100 | 1 | _aGonzález Alonso, Carlos | |
| 245 | 1 | 0 |
_aPrincipios básicos de comunicación / _cCarlos González Alonso |
| 260 |
_aMéxico : _bANUIES$bTrillas, _c1989 |
||
| 300 | _a96 p | ||
| 440 | 0 |
_aTemas básicos. Area taller de lectura y redacción; _v15 |
|
| 650 | 4 |
_aComunicación _99285 |
|
| 902 | _aEMO ESTELA MURATALLA OCHOA | ||
| 902 | _aULISES MORALES MARTINEZ | ||
| 904 |
_aAC _b046413 |
||
| 905 | _aLibro | ||
| 999 |
_c46411 _d46411 |
||